<?xml version="1.0" encoding="UTF-8"?>
<collection xmlns="http://www.loc.gov/MARC21/slim">
 <record>
  <leader>01300nam a2200205Ia 4500</leader>
  <controlfield tag="001">CTU_168635</controlfield>
  <controlfield tag="008">210402s9999    xx            000 0 und d</controlfield>
  <datafield tag="020" ind1=" " ind2=" ">
   <subfield code="c">49000</subfield>
  </datafield>
  <datafield tag="082" ind1=" " ind2=" ">
   <subfield code="a">030</subfield>
  </datafield>
  <datafield tag="082" ind1=" " ind2=" ">
   <subfield code="b">K300/DVD.1</subfield>
  </datafield>
  <datafield tag="245" ind1=" " ind2="0">
   <subfield code="a">Kì quan khảo cổ : phim tài liệu  =</subfield>
  </datafield>
  <datafield tag="245" ind1=" " ind2="0">
   <subfield code="b">Wonders of Archaeology</subfield>
  </datafield>
  <datafield tag="245" ind1=" " ind2="0">
   <subfield code="c">Produced by Istituto Greografico de Agostini S.p.a.Documentary</subfield>
  </datafield>
  <datafield tag="260" ind1=" " ind2=" ">
   <subfield code="a">Sherman Oaks, CA,Thành phố Hồ Chí Minh</subfield>
  </datafield>
  <datafield tag="260" ind1=" " ind2=" ">
   <subfield code="b">Vision Films,Phương Nam Phim</subfield>
  </datafield>
  <datafield tag="260" ind1=" " ind2=" ">
   <subfield code="c">1996,1996</subfield>
  </datafield>
  <datafield tag="520" ind1=" " ind2=" ">
   <subfield code="a">Loại phim tài liệu đầy hấp dẫn này đưa người xem vào cuộc du hành ngược thời gian trở lại với những nền văn minh vĩ đại của quá khứ qua những khám phá khảo cổ học. Hãy cùng chiêm ngưỡng những kì quan kiến trúc của Phoenicia, của Hy Lạp và La Mã cổ đại và tìm hiểu những bí ẩn được lộ diện dưới từng lớp bụi thời gian</subfield>
  </datafield>
  <datafield tag="650" ind1=" " ind2=" ">
   <subfield code="a">Archaeology,Civilization, Ancient,Lebanon Antiquities,Khảo cổ học,Nền văn minh cổ đại,Cổ vật Li Băng</subfield>
  </datafield>
  <datafield tag="904" ind1=" " ind2=" ">
   <subfield code="i">Âu Thị Ngọc Trang, Năm</subfield>
  </datafield>
  <datafield tag="980" ind1=" " ind2=" ">
   <subfield code="a">Trung tâm Học liệu Trường Đại học Cần Thơ</subfield>
  </datafield>
 </record>
</collection>
